000 00360nam a22001457a 4500
008 211012b ||||| |||| 00| 0 eng d
020 _a9780787966911
041 _aeng
080 _a371
082 _a371
100 _a46
101 _aEDU
245 _aViolence Prevention Skills Lessons & Activities for Secondary Students
_cBegun,R.W
942 _2udc
_cBK
999 _c58190
_d58190